00278nam a2200121Ia 4500008004100000100001800041245002100059260003400080300000800114650001000122942000700132999001700139190216s9999||||xx |||||||||||||| ||und|| aReema Thivari 0aHindi - Mobi Dik bChathan Sahithya Mandirc2006 a127 aHindi cBK c16495d16495